Suomen maakuntien tunnuslinnut - Statistics

Yleistilastot
  • Tätä visaa on pelattu 21 kertaa
  • Keskiarvotulos 6 / 19
Vastaustilastot
Maakunta Lintu % Oikein
Ahvenanmaa Merikotka
70%
Keski-Suomi Metso
60%
Kymenlaakso Punatulkku
60%
Keski-Pohjanmaa Kiuru
40%
Varsinais-Suomi Naakka
40%
Pirkanmaa Västäräkki
40%
Pohjois-Karjala Käki
30%
Pohjois-Savo Kuikka
30%
Pohjois-Pohjanmaa Kurki
30%
Uusimaa Mustarastas
30%
Pohjanmaa Tervapääsky
30%
Kanta-Häme Kalasääski
20%
Etelä-Savo Kuhankeittäjä
20%
Kainuu Kuukkeli
20%
Etelä-Karjala Satakieli
20%
Lappi Sinirinta
20%
Satakunta Sinitiainen
20%
Etelä-Pohjanmaa Isokuovi
0%
Päijät-Häme Valkoselkätikka
0%
Ehtoja vastaavia visoja ei löytynyt
Tulosjakauma
Jokaisen tuloksen saaneiden osuus
Persentiili vastausten määrän mukaan
Tuloshistoriasi
Et ole pelannut tätä visaa